1048 1429 1447 1019 1012 1587 1469 1568 1425 1451 1678 1408 1246 1004 1567 1375 1304 1532 1750 1264 1684 1540 1794 1817 1594 1919 1970 1198 1257 1669 1508 1439 1848 1563 1523 1359 1678 1360 1008 1691 1444 1874 1938 1629 1274 1017 1341 1594 1427 1787 1984 1156 1046 1133 1694 1657 1434 1551 1601 1566 1478 1657 1039 1008 1407 1417 1942 1051 1091 1042 1009 1923 1229 1816 1654 1706 1965 1951 1613 1472 1754 1411 1464 1684 1648 1339 1426 1101 1735 1485 1298 1520 1554 1267 1428 1187 1629 1878 1061 BCNSPRNW ULIB Ver.6.0+V

เปลี่ยนเป็นภาษาไทย

Change to English
 แสดงรายละเอียดบรรณานุกรม
  กลับหน้าหลัก

Brief Record : Get Marc (ISO 2709) : E-mail record : QR code < ปิดหน้าต่าง
LEADER : 00000nam 2200000 a 4500
001    13399114644
003     ULIB
008    110115s2553 th 000 0 tha d
020    ^a9786161109653
060 04 ^aWA900.JT3^bส356
245 00 ^aสรุปรายงานการป่วย พ.ศ. 2553 /^cสำนักนโยบายและยุทธศาสตร์ กระทรวงสาธารณสุข
260    ^aนนทบุรี :^bสำนัก,^c2554
300    ^aก-จ, 180 หน้า :^bตาราง แผนภูมิ;^c30 ซม.
310    ^aรายปี,^b2553
650  4 ^aความเจ็บป่วย^zไทย^vสถิติ
650  4 ^aโรค^vสถิติ
710 2  ^aสำนักนโยบายและยุทธศาสตร์
945    ^p0^l0^i031678
945    ^p0^l0^i031679
995    ^aเกษร
999 ^a ใช้งานได้ทุกระบบ
รายการนี้ยังไม่มีแท็ก
คุณยังไม่ได้ล็อกอิน คุณสามารถมีกิจกรรมร่วมกับเว็บไซต์ได้ แต่ต้องล็อกอินก่อน ::
  ล็อกอิน

รายการสื่อสารสนเทศ

ลำดับที่ ประเภท เลขเรียก/บาร์โค้ด สถานที่ สถานะ
1. วิทยาศาสตร์การแพทย์ และสุขภาพ
หนังสือสำรอง
สถานะ=หนังสือสำรอง
WA900.JT3 ส356 ฉ.1 
  Barcode: 031678
ห้องสมุดวิทยาเขตสวรรค์ประชารักษ์
►ส่วนจัดเก็บหนังสือเก่า สปร
บนชั้น
  ขอยืม
2. วิทยาศาสตร์การแพทย์ และสุขภาพ
วิทยาศาสตร์การแพทย์ และสุขภาพ
WA900.JT3 ส356 ฉ.2 
  Barcode: 031679
ห้องสมุดวิทยาเขตสวรรค์ประชารักษ์
►ส่วนจัดเก็บหนังสือเก่า สปร
บนชั้น
  ขอยืม

BibComment


ยังไม่เคยถูกคอมเมนท์

คอมเมนท์ทรัพยากรรายการนี้
  คอมเมนท์: สรุปรายงานการป่ว..


 Copyright 2026. Bcnsprnw @Library